000
00320nam a22001337a 4500
008
170530b xxu||||| |||| 00| 0 eng d
020
_a
9781856492447
041
_a
eng
080
_a
94
100
_a
17
101
_a
SHH
245
_a
FEMNIST PERSPECTIVES ON SUSTANBLE DEVELOPMENT
_c
HARCONT.W
942
_2
udc
_c
BK
999
_c
15090
_d
15090